00529nam a22001577a 4500020001800000040000900018082001500027100002500042110002700067245006800094260004300162650003100205942001200236999001900248952010400267 a9781409337355 cNUST a745.92 WEL aWelford, Mark988511 aWicks, Stephen 988512 a Simple Flower Arranging: bStep By Step Designs And Techniques aLONDON:bDK Dorling Kindersley,c2014. aFlower arrangement.988513 2ddccBK c587652d587652 00102ddc4070aCEMEbCEMEcGENd2022-01-19l0o745.92 WELpCEME-50560r2022-01-19w2022-01-19yBK